Movies Quiz

Random Movies or Oscar Quiz

Best Animated Oscars, Annies, Golden Globes, or BAFTAs Quiz Stats

 Plays Quiz not verified by Sporcle

Score 0/24 Timer 02:00
0 Plays Today
Movie Annie, Oscar, Golden Globe, or BAFTA % Correct
Up???
82.2%
Ratatouille???
80%
Toy Story 3???
79.6%
The Incredibles???
79.1%
Finding Nemo???
77.4%
Spirited Away???
76.5%
Shrek???
76.1%
Wallace & Gromit: The Curse of the Were-Rabbit???
75.2%
WALL-E???
75.2%
Rango???
74.8%
Happy Feet???
66.5%
Mulan???
63.5%
Movie Annie, Oscar, Golden Globe, or BAFTA % Correct
Cats Don't Dance???
62.6%
The Iron Giant???
61.7%
Aladdin???
59.6%
Pocahontas???
59.1%
Cars???
58.7%
Beauty and the Beast???
58.3%
Toy Story???
55.7%
How to Train Your Dragon???
54.8%
The Lion King???
54.3%
Kung Fu Panda???
53%
Toy Story 2???
47%
The Adventures of Tintin???
38.3%

You're not logged in!

Compare scores with friends on all Sporcle quizzes.
OR
Log In

Sporcle TV

Today on Sporcle TV


Watch our educational content, quiz creation guides, and fun videos on Sporcle TV.

Show Comments

Extras

Top Quizzes Today


Score Distribution

Your Account Isn't Verified!

In order to create a playlist on Sporcle, you need to verify the email address you used during registration. Go to your Sporcle Settings to finish the process.

Report this User

Report this user for behavior that violates our Community Guidelines.

Details: